000 00312nam a2200133Ia 4500
008 240624s9999 xx 000 0 und d
041 _aeng
082 _a823 POC
100 _aPOCOCKE E
245 _aINDIA IN GREECE
260 _c2015
_aNew Delhi
_bRupa
300 _ax, : 567 : p. : cm. ; 17
365 _cRS
_b30
999 _c26832
_d26832